000 01711pam a22003731i 4500
999 _c3140
_d3140
001 019161672
003 Uk
005 20240124151614.0
006 m || d |
007 cr |||||||||||
008 181004s2019 enk o 000|0|eng|d
015 _aGBB8N0337
_2bnb
020 _a9781510435650
037 _aHachetteUK657066
_bIngram Content Group
040 _aStDuBDS
_beng
_cStDuBDS
_dUk
_dKH8
_erda
_epn
041 1 _aeng
_afre
042 _aukblsr
082 0 4 _a448.242 HAR
_223
100 1 _aHarrington, Karine,
_eauthor.
245 1 4 _aLes choristes :
_bfilm study guide for AS/A-Level French /
_cKarine Harrington.
264 1 _aLondon :
_bHodder Education,
_c2019.
300 _a96 pages ;
_c18.8 x 0.8 x 24.4 cm.
336 _atext
_2rdacontent
337 _acomputer
_2rdamedia
338 _aonline resource
_2rdacarrier
490 0 _aModern languages study guides
520 _aFilm analysis made easy. Build your students' confidence in their language abilities and help them develop the skills needed to critique their chosen work: putting it into context, understanding the themes and director's technique, as well as specialist terminology. Breaking down each scene, character and theme in Les Choristes (The Choir), this accessible guide will enable your students to understand the historical and social context of the film and give them the critical and language skills needed to write a successful essay.
588 _aDescription based on CIP data; resource not viewed.
630 0 0 _aChoristes (Motion picture)
650 0 _aFrench language
_vTextbooks for foreign speakers
_xEnglish.
776 0 8 _iPrint version :
_z9781510435650
942 _2ddc
_cTR